|
|
|
|
| LEADER |
00983nam a2200265 u 4500 |
| 001 |
10000673 |
| 003 |
GR-PaULI |
| 005 |
20210117203221.0 |
| 008 |
881025s1973 gw ger |
| 952 |
|
|
|0 0
|1 0
|2 ddc
|4 0
|6 Π_621_900000000000000_WER
|7 0
|9 108600
|a LISP
|b LISP
|c REF
|d 2016-04-24
|i 04658
|l 0
|o Π 621.9 WER
|p 025000275292
|r 2016-04-24 00:00:00
|t 1
|v 2016.00
|w 2016-04-24
|y BKN
|
| 999 |
|
|
|c 72958
|d 72958
|
| 020 |
|
|
|a 3410103988
|
| 040 |
|
|
|a GR-PaULI
|c GR-PaULI
|b gre
|e AACR2
|
| 082 |
0 |
4 |
|a 621.9
|2 23
|
| 245 |
0 |
0 |
|a Werkzeugnormen :
|b schraubwerkzeuge /
|c Herausgegeben Deutschen Normenausschuss (DNA).
|
| 250 |
|
|
|a 2. Aufl., geänd.
|
| 260 |
|
|
|a Berlin :
|b Beuth-Vertrieb Gmbh,
|c 1973.
|
| 300 |
|
|
|a 219 σ. :
|b εικ. ;
|c 21 εκ.
|
| 490 |
1 |
|
|a Taschenbuch (DIN)
|v 41.
|
| 500 |
|
|
|a
|
| 650 |
|
4 |
|a Εργαλεία
|x Πρότυπα.
|9 182043
|
| 710 |
|
|
|9 103906
|a Deutschen Normenausschuss (DNA)
|
| 830 |
|
0 |
|9 182042
|a Taschenbuch (DIN)
|v 41
|
| 942 |
|
|
|2 ddc
|c BK15
|
| 998 |
|
|
|c ΜΠΟΥΡΑΣ
|d 2020-07
|